000 00458nam a2200181Ia 4500
008 230524s9999 xx 000 0 und d
020 _a9780070620995
082 _bARC
100 _aSoli J Archeivala
_942901
245 0 _aWastewater Treatment for Pollution Control and Reuse
250 _a1
260 _bTMH
_c2011
300 _a"XIV,511p;"
500 _aQuantity Number: 1
650 _aCivil
700 _aShyam R Asolekar
_942902
942 _cBK
999 _c57870
_d57870